Joueurs avec plus de 100 buts en Ligue 1 - Statistiques

Statistiques générales
  • Ce quiz a été pris 469 fois
  • Le résultat moyen est 7 sur 12
Statistiques - réponses
Buts Club principal Buteurs % Correct
191 Paris Saint-Germain Kylian Mbappé
100%
138 Paris Saint-Germain Edinson Cavani
95%
161 Olympique Lyonnais Alexandre Lacazette
91%
113 Paris Saint-Germain Zlatan Ibrahimović
88%
141 Paris Saint-Germain Pauleta
61%
103 Olympique de Marseille Dimitri Payet
51%
161 AS Monaco Wissam Ben Yedder
51%
103 Olympique de Marseille André-Pierre Gignac
47%
100 Olympique de Marseille Mamadou Niang
37%
101 Lorient FC Kévin Gameiro
32%
122 Olympique Lyonnais Bafétimbi Gomis
28%
102 Stade Rennais FC Jimmy Briand
16%
Aucun quiz correspondant
Distribution des résultats
% des personnes avec chaque résultat
Percentile par nombre de réponses
Votre historique - résultats
Vous n’avez pas pris ce quiz